000 00851nam a22002777a 4500
001 BR8402863
003 BR-BrBNA
005 20230928091931.0
007 ta
008 230509b bl.||||| |||| 00| 0 por d
040 _aBR-BrBNA
_bpor
_cBiblioteca Nacional de Agricultura
041 _a(Por)
072 _aU10; F25
090 _ U10 BR8402863
100 1 _aRodrigues, M.E.O.C.
110 1 _aEscola Superior de Agricultura Luiz de Queiroz, Piracicaba, SP (Brasil)
_0Dissertacao (Mestre em Agronomia)
245 1 _aDelineamento em angulos [analise estatistica, matematica]
260 3 _aPiracicaba, SP (Brasil):
_c1984.
300 _a82 p.
500 _a14 tables; 23 ref.; Summaries (Eng, Por)
650 _aESTATISTICA
650 _aMODELO MATEMATICO
650 _aFERTILIZANTE
909 _a202309
_bLucia
_c55
_dLucia Elande
942 _cBK
999 _c36275
_d36275